Warfare prayer : (Record no. 7329)
[ view plain ]
| 000 -LEADER | |
|---|---|
| fixed length control field | 01211pam a2200337 i 4500 |
| 001 - CONTROL NUMBER | |
| control field | 24845216 |
| 003 - CONTROL NUMBER IDENTIFIER | |
| control field | OCoLC |
| 005 - DATE AND TIME OF LATEST TRANSACTION | |
| control field | 20190207152533.0 |
| 008 - FIXED-LENGTH DATA ELEMENTS--GENERAL INFORMATION | |
| fixed length control field | 911104s1992 cau b 001 0 eng |
| 010 ## - LIBRARY OF CONGRESS CONTROL NUMBER | |
| LC control number | 91040839 |
| 020 ## - INTERNATIONAL STANDARD BOOK NUMBER | |
| International Standard Book Number | 0830715347 (hard cover) |
| 020 ## - INTERNATIONAL STANDARD BOOK NUMBER | |
| International Standard Book Number | 0830715134 (hard) |
| 040 ## - CATALOGING SOURCE | |
| Original cataloging agency | DLC |
| Transcribing agency | DLC |
| Modifying agency | MAL |
| 050 00 - LIBRARY OF CONGRESS CALL NUMBER | |
| Classification number | BV4509.5 |
| Item number | .W32 1992 |
| 082 00 - DEWEY DECIMAL CLASSIFICATION NUMBER | |
| Classification number | 235.4 |
| Edition number | 20 |
| Item number | W132W |
| 092 ## - LOCALLY ASSIGNED DEWEY CALL NUMBER (OCLC) | |
| Classification number | 235.4 |
| Item number | W12w |
| 100 1# - MAIN ENTRY--PERSONAL NAME | |
| Personal name | Wagner, C. Peter. |
| Authority record control number or standard number | http://id.loc.gov/authorities/names/n79060606 |
| 245 10 - TITLE STATEMENT | |
| Title | Warfare prayer : |
| Remainder of title | how to seek God's power and protection in the battle to build his kingdom / |
| Statement of responsibility, etc. | C. Peter Wagner. |
| 260 ## - PUBLICATION, DISTRIBUTION, ETC. | |
| Place of publication, distribution, etc. | Ventura, Calif., U.S.A. : |
| Name of publisher, distributor, etc. | Regal Books, |
| Date of publication, distribution, etc. | c1992. |
| 264 #1 - PRODUCTION, PUBLICATION, DISTRIBUTION, MANUFACTURE, AND COPYRIGHT NOTICE | |
| Place of production, publication, distribution, manufacture | Ventura, Calif., U.S.A. : |
| Name of producer, publisher, distributor, manufacturer | Regal Books, |
| Date of production, publication, distribution, manufacture, or copyright notice | [1992] |
| 264 #4 - PRODUCTION, PUBLICATION, DISTRIBUTION, MANUFACTURE, AND COPYRIGHT NOTICE | |
| Date of production, publication, distribution, manufacture, or copyright notice | ©1992 |
| 300 ## - PHYSICAL DESCRIPTION | |
| Extent | 204 p. ; |
| Dimensions | 23 cm. |
| 336 ## - CONTENT TYPE | |
| Content type term | text |
| Content type code | txt |
| Source | rdacontent |
| 337 ## - MEDIA TYPE | |
| Media type term | unmediated |
| Media type code | n |
| Source | rdamedia |
| 338 ## - CARRIER TYPE | |
| Carrier type term | volume |
| Carrier type code | nc |
| Source | rdacarrier |
| 490 1# - SERIES STATEMENT | |
| Series statement | The Prayer warrior series |
| 504 ## - BIBLIOGRAPHY, ETC. NOTE | |
| Bibliography, etc. note | Includes bibliographical references and index. |
| 650 #0 - SUBJECT ADDED ENTRY--TOPICAL TERM | |
| Topical term or geographic name entry element | Spiritual warfare. |
| Authority record control number or standard number | http://id.loc.gov/authorities/subjects/sh91001947 |
| 830 #0 - SERIES ADDED ENTRY--UNIFORM TITLE | |
| Uniform title | Prayer warrior series. |
| Authority record control number or standard number | http://id.loc.gov/authorities/names/n92069034 |
| 942 ## - ADDED ENTRY ELEMENTS (KOHA) | |
| Source of classification or shelving scheme | Dewey Decimal Classification |
| Koha item type | Books |
| Withdrawn status | Lost status | Source of classification or shelving scheme | Damaged status | Not for loan | Collection code | Home library | Current library | Shelving location | Date acquired | Cost, normal purchase price | Total Checkouts | Full call number | Barcode | Date last seen | Price effective from | Koha item type |
|---|---|---|---|---|---|---|---|---|---|---|---|---|---|---|---|---|
| Dewey Decimal Classification | Non-fiction | Harvest Mission College | Harvest Mission College | General Stacks | 07.02.2019 | 1350.00 | 235.4 W132W | 008317 | 07.02.2019 | 07.02.2019 | Books |
